Чужой: роман

Dettagli Bibliografici
Autore principale: Трауб М. Маша
Riassunto:Папа, мама, ребенок, дяди, тети, двоюродные братья-сестры, племянники, бабушки... Крепкая «нормальная» семья. Лариса, как и любая женщина, мечтает о любви, семье, ребенке от любимого человека. Но ничего этого не получается. Кажется, она живет чужой жизнью, чужими интересами, окруженная равнодушными и нелюбимыми людьми. Но однажды происходит событие, переворачивающее все ее представления о собственной жизни.
Lingua:russo
Pubblicazione: Москва, АСТ, 2008
Soggetti:
Natura: MixedMaterials Libro
KOHA link:https://koha.lib.tpu.ru/cgi-bin/koha/opac-detail.pl?biblionumber=241490

MARC

LEADER 00000nam0a2200000 4500
001 241490
005 20231101231821.0
010 |a 9785170504602 
010 |a 978-5-9713-8174-7 
035 |a (RuTPU)RU\TPU\book\262764 
090 |a 241490 
100 |a 20130723d2008 m y0rusy50 ca 
101 0 |a rus 
102 |a RU 
105 |a y z 000ay 
200 1 |a Чужой  |e роман  |f М. Трауб 
210 |a Москва  |c АСТ  |c АСТ Москва  |d 2008 
215 |a 286 с. 
330 |a Папа, мама, ребенок, дяди, тети, двоюродные братья-сестры, племянники, бабушки... Крепкая «нормальная» семья. Лариса, как и любая женщина, мечтает о любви, семье, ребенке от любимого человека. Но ничего этого не получается. Кажется, она живет чужой жизнью, чужими интересами, окруженная равнодушными и нелюбимыми людьми. Но однажды происходит событие, переворачивающее все ее представления о собственной жизни. 
606 1 |a Русская литература современная  |2 stltpush  |3 (RuTPU)RU\TPU\subj\26373  |9 50316 
610 1 |a проза 
610 1 |a любовь 
610 1 |a приключения 
610 1 |a женщины 
610 1 |a романы 
675 |a Р2  |v 3 
700 1 |a Трауб  |b М.  |g Маша 
801 1 |a RU  |b 63413507  |c 20130723 
801 2 |a RU  |b 63413507  |c 20130723  |g RCR 
942 |c BK